Xác định các yếu tố ành hưởng đến hiệu quả sử dụng tài nguyên nông hộ ở đồng bằng sông Cửu Long : Luận văn tốt nghiệp Cao học. Chuyên ngành Phát triển nông thôn
Đề tài cung cấp thông tin hỗ trợ nghiên cứu, quản lý và làm chính sách góp phần cải thiện tính bền vững của sản xuất nông nghiệp và sinh kế nông hộ ở ĐBSCL
Tallennettuna:
| Päätekijä: | |
|---|---|
| Aineistotyyppi: | Kirja |
| Kieli: | Undetermined |
| Julkaistu: |
Cần Thơ
Trường Đại học Cần Thơ
2014
|
| Aiheet: | |
| Tagit: |
Lisää tagi
Ei tageja, Lisää ensimmäinen tagi!
|
| Thư viện lưu trữ: | Trung tâm Học liệu Trường Đại học Cần Thơ |
|---|
| LEADER | 01173nam a2200217Ia 4500 | ||
|---|---|---|---|
| 001 | CTU_198634 | ||
| 008 | 210402s9999 xx 000 0 und d | ||
| 082 | |a 338.14 | ||
| 082 | |b L108 | ||
| 100 | |a Võ, Thị Lào | ||
| 245 | 0 | |a Xác định các yếu tố ành hưởng đến hiệu quả sử dụng tài nguyên nông hộ ở đồng bằng sông Cửu Long : | |
| 245 | 0 | |b Luận văn tốt nghiệp Cao học. Chuyên ngành Phát triển nông thôn | |
| 245 | 0 | |c Võ Thị Lào ; Đặng Kiều Nhân (Người hướng dẫn) | |
| 260 | |a Cần Thơ | ||
| 260 | |b Trường Đại học Cần Thơ | ||
| 260 | |c 2014 | ||
| 520 | |a Đề tài cung cấp thông tin hỗ trợ nghiên cứu, quản lý và làm chính sách góp phần cải thiện tính bền vững của sản xuất nông nghiệp và sinh kế nông hộ ở ĐBSCL | ||
| 650 | |a Nông nghiệp,Agriculture | ||
| 650 | |x Khía cạnh kinh tế,Economic aspects | ||
| 904 | |i Mai Minh Khoa (Thầy Hải) | ||
| 980 | |a Trung tâm Học liệu Trường Đại học Cần Thơ | ||